[Event "XVI. DBMM Schach"]
[Site "Dresden"]
[Date "2016.11.05"]
[Round "4.4"]
[White "Riess, Bernhard"]
[Black "Mahler, Sonja"]
[Result "1-0"]
[WhiteElo "1567"]
[BlackElo "1553"]
[Annotator "br"]
[PlyCount "105"]
[EventDate "2016.11.??"]
[SourceTitle "XVI. DBMM 2016"]
[Source "FV Schach e.V."]
[SourceDate "2017.06.14"]
[SourceVersion "1"]
[SourceVersionDate "2017.06.14"]
[SourceQuality "1"]
[WhiteTeam "SV Osram Berlin II"]
[BlackTeam "BA Tempelhof Berlin III"]
[WhiteTeamCountry "GER"]
[BlackTeamCountry "GER"]

1. d4 d5 2. c4 c6 3. cxd5 Qxd5 4. Nc3 Qd8 5. e4 e6 6. Nf3 h6 7. Be2 b5 8. a3
Bb7 9. O-O Bd6 10. e5 Bc7 11. b4 a5 12. Bb2 a4 13. Ne4 Ne7 14. Nc5 Bc8 15. Qc2
Nd5 16. Rfd1 g5 17. Bc1 g4 18. Nd2 Qh4 19. g3 Qh5 20. Nde4 Ke7 21. Nd3 f5 22.
exf6+ Nxf6 23. Nxf6 Kxf6 24. Nf4 Bxf4 25. Bxf4 Re8 26. Be5+ Ke7 27. Qh7+ Qf7
28. Bd6+ Kf6 29. Qxh6+ Qg6 30. Be5+ Kf7 31. Qxg6+ Kxg6 32. Bxg4 Nd7 33. Rac1
Bb7 34. f4 Rad8 35. Bf3 Rc8 36. Kf2 Nb6 37. h4 Nc4 38. Rc3 Rcd8 39. Be2 Nb6 40.
Bc7 Nd5 41. Bxd8 Nxc3 42. h5+ Kf7 43. Bg5 Nxd1+ 44. Bxd1 Rh8 45. h6 Bc8 46. Bf3
Bd7 47. Be4 Be8 48. Ke3 Bd7 49. Bf3 Kg8 50. Ke4 Be8 51. Ke5 Bf7 52. Be4 Kf8 53.
h7 1-0

[Event "XVI. DBMM Schach"]
[Site "Dresden"]
[Date "2016.11.05"]
[Round "4.1"]
[White "Bumes, Konrad"]
[Black "Baudrexel, Peter"]
[Result "0-1"]
[WhiteElo "2050"]
[BlackElo "1836"]
[Annotator "br"]
[PlyCount "68"]
[EventDate "2016.11.??"]
[SourceTitle "XVI. DBMM 2016"]
[Source "FV Schach e.V."]
[SourceDate "2017.06.14"]
[SourceVersion "1"]
[SourceVersionDate "2017.06.14"]
[SourceQuality "1"]
[WhiteTeam "Europaeisches Patentamt Muenchen II"]
[BlackTeam "ADAC Muenchen II"]
[WhiteTeamCountry "GER"]
[BlackTeamCountry "GER"]

1. d4 d5 2. c4 e6 3. Nc3 c6 4. e3 f5 5. Nh3 Nf6 6. f3 Bd6 7. cxd5 exd5 8. Bd3
Na6 9. O-O Qc7 10. f4 Be6 11. Ng5 Qe7 12. Bxa6 bxa6 13. Qa4 Bd7 14. Qxa6 O-O
15. a3 Ng4 16. Qd3 Rae8 17. Rf3 h6 18. Nh3 Qf7 19. Bd2 Qh5 20. Na4 g5 21. Nc5
Bc8 22. b4 Re7 23. a4 Rg7 24. Rc1 gxf4 25. exf4 Kh8 26. Rg3 Re8 27. Nb3 Rge7
28. Rf3 Bd7 29. Na5 Rc8 30. Qa6 Re4 31. Nxc6 Qe8 32. Ne5 Rxc1+ 33. Bxc1 Bxe5
34. Qxh6+ Nxh6 0-1

[Event "XVI. DBMM Schach"]
[Site "Dresden"]
[Date "2016.11.05"]
[Round "4.2"]
[White "Obermeier, Karlheinz"]
[Black "Santos, Paulo"]
[Result "1/2-1/2"]
[WhiteElo "1525"]
[BlackElo "1831"]
[Annotator "br"]
[PlyCount "72"]
[EventDate "2016.11.??"]
[SourceTitle "XVI. DBMM 2016"]
[Source "FV Schach e.V."]
[SourceDate "2017.06.14"]
[SourceVersion "1"]
[SourceVersionDate "2017.06.14"]
[SourceQuality "1"]
[WhiteTeam "ADAC Muenchen II"]
[BlackTeam "Europaeisches Patentamt Muenchen II"]
[WhiteTeamCountry "GER"]
[BlackTeamCountry "GER"]

1. d4 Nf6 2. c4 g6 3. Nc3 d5 4. e3 Bg7 5. Nf3 O-O 6. a3 b6 7. b4 c5 8. Bb2 Ba6
9. b5 Bb7 10. dxc5 bxc5 11. Nd2 Nbd7 12. f3 d4 13. exd4 cxd4 14. Ne2 e5 15. Ng3
Nc5 16. Qc2 Qa5 17. Bd3 Rfe8 18. O-O Rac8 19. Rfe1 Qc7 20. Re2 Nfd7 21. Rae1
Nxd3 22. Qxd3 Nc5 23. Qb1 f5 24. Bxd4 Red8 25. Bxc5 Qxc5+ 26. Kh1 Qxa3 27. Rc1
Qd3 28. Qxd3 Rxd3 29. Ngf1 a6 30. bxa6 Bxa6 31. Re3 Rxe3 32. Nxe3 Bh6 33. Nef1
Rd8 34. Ra1 Bb7 35. Ra2 Kf8 36. Kg1 Ke8 1/2-1/2

[Event "XVI. DBMM Schach"]
[Site "Dresden"]
[Date "2016.11.05"]
[Round "4.3"]
[White "Achermann, Didier"]
[Black "Zunk, Olaf"]
[Result "1-0"]
[WhiteElo "1843"]
[BlackElo "1347"]
[Annotator "br"]
[PlyCount "79"]
[EventDate "2016.11.??"]
[SourceTitle "XVI. DBMM 2016"]
[Source "FV Schach e.V."]
[SourceDate "2017.06.14"]
[SourceVersion "1"]
[SourceVersionDate "2017.06.14"]
[SourceQuality "1"]
[WhiteTeam "Europaeisches Patentamt Muenchen II"]
[BlackTeam "ADAC Muenchen II"]
[WhiteTeamCountry "GER"]
[BlackTeamCountry "GER"]

1. e4 b6 2. d4 Bb7 3. Nc3 e6 4. a3 Nc6 5. Nf3 d6 6. Bb5 d5 7. e5 h6 8. O-O Be7
9. Ne2 Qd7 10. Bf4 O-O-O 11. Qd3 f5 12. Rfb1 g5 13. Bd2 g4 14. Ne1 Bg5 15. f4
gxf3 16. Nxf3 Bxd2 17. Nxd2 Nge7 18. Nf4 Rdg8 19. a4 Ng6 20. Nh5 Qf7 21. Nf6
Nf4 22. Qe3 Nxg2 23. Qf2 Rg6 24. b4 Nf4+ 25. Kh1 Nh3 26. Qh4 Ng5 27. a5 Kb8 28.
axb6 cxb6 29. c3 Ne4 30. Ndxe4 fxe4 31. Ra2 Rhg8 32. Rba1 Qg7 33. Nxg8 Qxg8 34.
Bxc6 Bxc6 35. Qe7 Rg7 36. Qd6+ Rc7 37. Rxa7 Bb7 38. Qxb6 Kc8 39. Ra8+ Bxa8 40.
Rxa8+ 1-0

[Event "XVI. DBMM Schach"]
[Site "Dresden"]
[Date "2016.11.05"]
[Round "4.4"]
[White "Zunk, Steffi"]
[Black "Junker, Carsten"]
[Result "0-1"]
[WhiteElo "804"]
[BlackElo "1570"]
[Annotator "br"]
[PlyCount "23"]
[EventDate "2016.11.??"]
[SourceTitle "XVI. DBMM 2016"]
[Source "FV Schach e.V."]
[SourceDate "2017.06.14"]
[SourceVersion "1"]
[SourceVersionDate "2017.06.14"]
[SourceQuality "1"]
[WhiteTeam "ADAC Muenchen II"]
[BlackTeam "Europaeisches Patentamt Muenchen II"]
[WhiteTeamCountry "GER"]
[BlackTeamCountry "GER"]

1. e4 d5 2. d3 dxe4 3. dxe4 Qxd1+ 4. Kxd1 Nf6 5. Nc3 e5 6. Nf3 Bg4 7. Be2 Nc6
8. h3 O-O-O+ 9. Bd2 Bxf3 10. Bxf3 Bb4 11. Ke2 Nd4+ 12. Kd3 0-1

[Event "XVI. DBMM Schach"]
[Site "Dresden"]
[Date "2016.11.05"]
[Round "4.1"]
[White "Decker, Ingo"]
[Black "Bangert, Udo"]
[Result "0-1"]
[WhiteElo "1668"]
[BlackElo "1905"]
[Annotator "br"]
[PlyCount "109"]
[EventDate "2016.11.??"]
[SourceTitle "XVI. DBMM 2016"]
[Source "FV Schach e.V."]
[SourceDate "2017.06.14"]
[SourceVersion "1"]
[SourceVersionDate "2017.06.14"]
[SourceQuality "1"]
[WhiteTeam "SG Airbus Bremen"]
[BlackTeam "SG Stern Stuttgart"]
[WhiteTeamCountry "GER"]
[BlackTeamCountry "GER"]

1. e4 e5 2. Nf3 Nf6 3. Nc3 Nc6 4. Bc4 d6 5. d3 h6 6. h3 Be7 7. a3 O-O 8. Be3
Be6 9. Nd5 a6 10. b4 Re8 11. Nxf6+ Bxf6 12. Bxe6 fxe6 13. O-O d5 14. Qe2 Qd7
15. Rad1 Rad8 16. Nh2 d4 17. Bc1 Qe7 18. Qg4 g5 19. h4 Kh7 20. hxg5 Bxg5 21.
Bxg5 Qxg5 22. Qxg5 hxg5 23. Ng4 Kg6 24. f3 Rh8 25. Kf2 Rh7 26. Rh1 Rdh8 27.
Rxh7 Rxh7 28. Rb1 b5 29. Rc1 Rd7 30. Rh1 Rg7 31. Ke2 Rh7 32. Rxh7 Kxh7 33. Nf6+
Kg7 34. Ng4 Kf7 35. Kd2 Ke7 36. c4 Kf7 37. cxb5 axb5 38. Kc2 Ke7 39. Kb3 Kd6
40. g3 Nd8 41. a4 bxa4+ 42. Kxa4 Nf7 43. Kb5 Nd8 44. Nf2 Nb7 45. Nh3 c5 46.
Nxg5 cxb4 47. Nf7+ Ke7 48. Nxe5 b3 49. Nc4 Nd6+ 50. Kb4 Nxc4 51. Kxb3 Nd2+ 52.
Kb4 Nxf3 53. Kc4 e5 54. Kd5 Kf6 55. Kc5 0-1

[Event "XVI. DBMM Schach"]
[Site "Dresden"]
[Date "2016.11.05"]
[Round "4.2"]
[White "Wepfer, Bernd"]
[Black "Mikoteit, Siegfried"]
[Result "1-0"]
[WhiteElo "1887"]
[BlackElo "1288"]
[Annotator "br"]
[PlyCount "73"]
[EventDate "2016.11.??"]
[SourceTitle "XVI. DBMM 2016"]
[Source "FV Schach e.V."]
[SourceDate "2017.06.14"]
[SourceVersion "1"]
[SourceVersionDate "2017.06.14"]
[SourceQuality "1"]
[WhiteTeam "SG Stern Stuttgart"]
[BlackTeam "SG Airbus Bremen"]
[WhiteTeamCountry "GER"]
[BlackTeamCountry "GER"]

1. c4 c5 2. g3 Nf6 3. Nc3 e5 4. d3 Be7 5. Bg2 d6 6. Nf3 a6 7. O-O Ra7 8. a3 b6
9. b4 Bb7 10. Rb1 Bc6 11. h3 O-O 12. Qb3 Nbd7 13. Nh4 Bxg2 14. Nxg2 b5 15. cxb5
cxb4 16. axb4 axb5 17. Nxb5 Rb7 18. Nc3 Nc5 19. Qa2 Ne6 20. Nd5 Nxd5 21. Qxd5
Qb6 22. Be3 Qb5 23. Qe4 Rfb8 24. Bd2 Qa4 25. Ne3 Bg5 26. f4 exf4 27. gxf4 Bf6
28. Nd5 Qc2 29. Rfd1 Nc7 30. Rbc1 Qb3 31. Nxf6+ gxf6 32. Be3 Nd5 33. Bd2 Nxb4
34. Kh2 Nd5 35. Rg1+ Kf8 36. f5 Re8 37. Bh6# 1-0

[Event "XVI. DBMM Schach"]
[Site "Dresden"]
[Date "2016.11.05"]
[Round "4.3"]
[White "Hueners, Rolf"]
[Black "Molzan, Andreas"]
[Result "1-0"]
[WhiteElo "1400"]
[BlackElo "1255"]
[Annotator "br"]
[PlyCount "73"]
[EventDate "2016.11.??"]
[SourceTitle "XVI. DBMM 2016"]
[Source "FV Schach e.V."]
[SourceDate "2017.06.14"]
[SourceVersion "1"]
[SourceVersionDate "2017.06.14"]
[SourceQuality "1"]
[WhiteTeam "SG Airbus Bremen"]
[BlackTeam "SG Stern Stuttgart"]
[WhiteTeamCountry "GER"]
[BlackTeamCountry "GER"]

1. e4 e5 2. Nf3 Nc6 3. Bc4 Nf6 4. d3 Bc5 5. h3 d6 6. O-O Be6 7. Bxe6 fxe6 8. a3
Qd7 9. b4 Bb6 10. Qe2 Nd4 11. Nxd4 Bxd4 12. c3 Bb6 13. Nd2 a6 14. Nf3 h6 15.
Be3 Qc6 16. Bxb6 Qxb6 17. Rfe1 O-O 18. d4 exd4 19. Nxd4 e5 20. Ne6 Rfe8 21. Qc4
Kh8 22. Qxc7 Qxc7 23. Nxc7 Rac8 24. Nxe8 Nxe8 25. Rac1 Nf6 26. c4 Kg8 27. f3
Kf7 28. Kf2 Nh5 29. Red1 Ke6 30. c5 dxc5 31. Rxc5 Rxc5 32. bxc5 Nf6 33. Rd6+
Ke7 34. Rb6 Nd7 35. Rxb7 Ke6 36. c6 Nc5 37. Rxg7 1-0

[Event "XVI. DBMM Schach"]
[Site "Dresden"]
[Date "2016.11.05"]
[Round "4.4"]
[White "Salomon, Hendrik"]
[Black "Schroeder, Wilfried"]
[Result "1-0"]
[WhiteElo "1200"]
[BlackElo "1400"]
[Annotator "br"]
[PlyCount "57"]
[EventDate "2016.11.??"]
[SourceTitle "XVI. DBMM 2016"]
[Source "FV Schach e.V."]
[SourceDate "2017.06.14"]
[SourceVersion "1"]
[SourceVersionDate "2017.06.14"]
[SourceQuality "1"]
[WhiteTeam "SG Stern Stuttgart"]
[BlackTeam "SG Airbus Bremen"]
[WhiteTeamCountry "GER"]
[BlackTeamCountry "GER"]

1. e4 e5 2. Nf3 Nc6 3. Bc4 h6 4. Nc3 d6 5. d4 Bg4 6. Be3 Qf6 7. Nd5 Qd8 8. c3
a6 9. dxe5 Nxe5 10. Be2 Nf6 11. Nxe5 Bxe2 12. Qxe2 dxe5 13. O-O-O Bd6 14. f4
O-O 15. fxe5 Bxe5 16. Bf4 Nd7 17. Rhf1 f6 18. Ne3 Qe7 19. Nf5 Bxf4+ 20. Rxf4
Qe8 21. Nxh6+ gxh6 22. Qg4+ Kh7 23. Rxd7+ Rf7 24. Qf5+ Kh8 25. Rxf7 Qxf7 26.
Qxf6+ Qg7 27. e5 Rf8 28. Qxf8+ Kh7 29. Rf7 1-0

[Event "XVI. DBMM Schach"]
[Site "Dresden"]
[Date "2016.11.05"]
[Round "4.1"]
[White "Ungerer, Markus"]
[Black "Hilbig, Olaf"]
[Result "1-0"]
[WhiteElo "2125"]
[BlackElo "2167"]
[Annotator "br"]
[PlyCount "83"]
[EventDate "2016.11.??"]
[SourceTitle "XVI. DBMM 2016"]
[Source "FV Schach e.V."]
[SourceDate "2017.06.14"]
[SourceVersion "1"]
[SourceVersionDate "2017.06.14"]
[SourceQuality "1"]
[WhiteTeam "W&W Wuestenrot & Wuerttemb. Stuttgart"]
[BlackTeam "Commerzbank Frankfurt II"]
[WhiteTeamCountry "GER"]
[BlackTeamCountry "GER"]

1. e4 c5 2. Nf3 d6 3. c3 e6 4. d4 Be7 5. Bd3 Qc7 6. O-O Bd7 7. Na3 a6 8. Bf4 b5
9. e5 d5 10. Ng5 g6 11. Qf3 c4 12. Bc2 Bxg5 13. Bxg5 Nc6 14. b3 b4 15. bxc4
bxa3 16. cxd5 exd5 17. Qxd5 Be6 18. Qc5 Rc8 19. Ba4 Bd7 20. Rab1 Nge7 21. Bf6
O-O 22. Bxc6 Nxc6 23. d5 Nxe5 24. Qxc7 Rxc7 25. Bxe5 Rcc8 26. Rfd1 Bb5 27. d6
Rcd8 28. Rd4 f6 29. Bg3 Rfe8 30. c4 Bc6 31. Kf1 Bd7 32. f3 Rb8 33. Rbd1 Rb2 34.
R1d2 Rb1+ 35. Kf2 Ree1 36. Re4 Rf1+ 37. Ke3 Rfc1 38. Re7 Rb7 39. Kd4 Rb2 40.
Bf4 Rxd2+ 41. Bxd2 Rc2 42. Bb4 1-0

[Event "XVI. DBMM Schach"]
[Site "Dresden"]
[Date "2016.11.05"]
[Round "4.2"]
[White "Brauer, Frank"]
[Black "Peck, Malcolm"]
[Result "1/2-1/2"]
[WhiteElo "1836"]
[BlackElo "1797"]
[Annotator "br"]
[PlyCount "81"]
[EventDate "2016.11.??"]
[SourceTitle "XVI. DBMM 2016"]
[Source "FV Schach e.V."]
[SourceDate "2017.06.14"]
[SourceVersion "1"]
[SourceVersionDate "2017.06.14"]
[SourceQuality "1"]
[WhiteTeam "Commerzbank Frankfurt II"]
[BlackTeam "W&W Wuestenrot & Wuerttemb. Stuttgart"]
[WhiteTeamCountry "GER"]
[BlackTeamCountry "GER"]

1. e4 c5 2. c3 Nc6 3. d4 cxd4 4. cxd4 e6 5. Nc3 Bb4 6. Nf3 Nf6 7. Bd3 d5 8. Bg5
dxe4 9. Bxe4 Bd7 10. O-O h6 11. Bxf6 Qxf6 12. d5 Ne5 13. dxe6 fxe6 14. Nxe5
Qxe5 15. Bg6+ Kd8 16. Rc1 Bd6 17. g3 Rf8 18. Ne4 Be7 19. Qd2 Qd5 20. Qc3 Rc8
21. Qxg7 Rxc1 22. Rxc1 Bc6 23. Qxh6 Qe5 24. Qd2+ Kc8 25. Qc3 Qd5 26. f3 Rg8 27.
Bh7 Rd8 28. Nf2 Qxa2 29. Be4 Rd6 30. Nd3 Qa6 31. Nb4 Qb6+ 32. Kg2 Kd7 33. Nxc6
bxc6 34. h4 Qb5 35. Qc2 c5 36. Rd1 Bf6 37. Rxd6+ Kxd6 38. b3 Bd4 39. Bd3 Qa5
40. Bc4 Qe1 41. Qe2 1/2-1/2

[Event "XVI. DBMM Schach"]
[Site "Dresden"]
[Date "2016.11.05"]
[Round "4.3"]
[White "Topol, Martin"]
[Black "Huebner, Detlef"]
[Result "1-0"]
[WhiteElo "1362"]
[BlackElo "1558"]
[Annotator "br"]
[PlyCount "45"]
[EventDate "2016.11.??"]
[SourceTitle "XVI. DBMM 2016"]
[Source "FV Schach e.V."]
[SourceDate "2017.06.14"]
[SourceVersion "1"]
[SourceVersionDate "2017.06.14"]
[SourceQuality "1"]
[WhiteTeam "W&W Wuestenrot & Wuerttemb. Stuttgart"]
[BlackTeam "Commerzbank Frankfurt II"]
[WhiteTeamCountry "GER"]
[BlackTeamCountry "GER"]

1. e4 c6 2. c4 d5 3. d4 dxe4 4. f3 e6 5. Nc3 Bb4 6. a3 Bxc3+ 7. bxc3 Nd7 8. Qc2
exf3 9. Nxf3 Ngf6 10. Bd3 h6 11. O-O O-O 12. Qf2 e5 13. dxe5 Ng4 14. Qg3 Ndxe5
15. Nxe5 Nxe5 16. Bxh6 Ng4 17. Bf4 Qa5 18. h3 Nf6 19. Bd6 Re8 20. Rxf6 Qb6+ 21.
c5 Qb2 22. Raf1 Qd2 23. Rxf7 1-0

[Event "XVI. DBMM Schach"]
[Site "Dresden"]
[Date "2016.11.05"]
[Round "4.4"]
[White "Hoffmann, Frank"]
[Black "Uhlarz, Joerg"]
[Result "0-1"]
[WhiteElo "1492"]
[BlackElo "1743"]
[Annotator "br"]
[PlyCount "78"]
[EventDate "2016.11.??"]
[SourceTitle "XVI. DBMM 2016"]
[Source "FV Schach e.V."]
[SourceDate "2017.06.14"]
[SourceVersion "1"]
[SourceVersionDate "2017.06.14"]
[SourceQuality "1"]
[WhiteTeam "Commerzbank Frankfurt II"]
[BlackTeam "W&W Wuestenrot & Wuerttemb. Stuttgart"]
[WhiteTeamCountry "GER"]
[BlackTeamCountry "GER"]

1. e4 e5 2. Nf3 Nc6 3. Bc4 Be7 4. O-O Nf6 5. d3 O-O 6. c3 d6 7. Bb3 h6 8. h3 b5
9. Be3 a5 10. Nbd2 Ba6 11. Bc2 d5 12. exd5 Nxd5 13. Re1 f5 14. Nf1 f4 15. Bd2
Bf6 16. Bc1 Re8 17. N1d2 g5 18. Ne4 Bg7 19. d4 exd4 20. Nxd4 Nxd4 21. cxd4 Kh8
22. a3 Nf6 23. Rb1 Bb7 24. Nc5 Rxe1+ 25. Qxe1 Bd5 26. b4 axb4 27. Rxb4 Bc4 28.
Rb1 Qxd4 29. Nb3 Qd6 30. Qb4 Qd7 31. Nc5 Qf7 32. Bb3 Qg6 33. Bxc4 bxc4 34. Ne6
Nd5 35. Qb7 Re8 36. Nxg7 Kxg7 37. Qb2+ c3 38. Qa2 Re1+ 39. Kh2 Qd3 0-1

[Event "XVI. DBMM Schach"]
[Site "Dresden"]
[Date "2016.11.05"]
[Round "4.1"]
[White "Koerlin, Hans Juergen"]
[Black "Leube, Oliver"]
[Result "1/2-1/2"]
[WhiteElo "1855"]
[BlackElo "1928"]
[Annotator "br"]
[PlyCount "80"]
[EventDate "2016.11.??"]
[SourceTitle "XVI. DBMM 2016"]
[Source "FV Schach e.V."]
[SourceDate "2017.06.14"]
[SourceVersion "1"]
[SourceVersionDate "2017.06.14"]
[SourceQuality "1"]
[WhiteTeam "BA Tempelhof Berlin II"]
[BlackTeam "Transit Hamburg II"]
[WhiteTeamCountry "GER"]
[BlackTeamCountry "GER"]

1. e4 c5 2. Nc3 e5 3. Bc4 Nf6 4. d3 Nc6 5. f4 d6 6. Nf3 Bg4 7. h3 Bxf3 8. Qxf3
Nd4 9. Qf2 a6 10. a4 Qa5 11. O-O b5 12. Bd5 Ra7 13. fxe5 dxe5 14. Bg5 Be7 15.
axb5 Qb6 16. Bc4 axb5 17. Rxa7 Qxa7 18. Nxb5 Qb6 19. Nxd4 cxd4 20. c3 O-O 21.
Bxf6 Qxf6 22. Qc2 Qb6 23. cxd4 Qxd4+ 24. Kh1 Qd6 25. Qb3 Bf6 26. Qb7 Qe7 27.
Qa6 Rd8 28. Bd5 Rd6 29. Qc4 g6 30. b4 Kg7 31. b5 Rb6 32. Ra1 Bg5 33. Ra8 Qf6
34. Ra1 Be3 35. Bc6 Qf2 36. Be8 Rf6 37. Qa2 Qg3 38. Qb1 Rf2 39. Qg1 Rb2 40. Qh2
Qxh2+ 1/2-1/2

[Event "XVI. DBMM Schach"]
[Site "Dresden"]
[Date "2016.11.05"]
[Round "4.2"]
[White "Supplieth, Joerg"]
[Black "Schmidt, Joerg"]
[Result "0-1"]
[WhiteElo "1731"]
[BlackElo "1736"]
[Annotator "br"]
[PlyCount "58"]
[EventDate "2016.11.??"]
[SourceTitle "XVI. DBMM 2016"]
[Source "FV Schach e.V."]
[SourceDate "2017.06.14"]
[SourceVersion "1"]
[SourceVersionDate "2017.06.14"]
[SourceQuality "1"]
[WhiteTeam "Transit Hamburg II"]
[BlackTeam "BA Tempelhof Berlin II"]
[WhiteTeamCountry "GER"]
[BlackTeamCountry "GER"]

1. e4 c5 2. Nf3 e6 3. Nc3 Nc6 4. g3 a6 5. Bg2 b5 6. d4 cxd4 7. Nxd4 Bb7 8. O-O
Bc5 9. Be3 Qb6 10. Nce2 Nge7 11. c3 O-O 12. Nc2 Rad8 13. Bxc5 Qxc5 14. Ned4 d5
15. exd5 Nxd5 16. Qe2 Rfe8 17. Nxc6 Bxc6 18. Nd4 Ba8 19. Rfd1 Qc7 20. Qc2 e5
21. Ne2 Nb4 22. Qb3 Bxg2 23. Kxg2 Nd3 24. Qc2 e4 25. a4 b4 26. c4 Qc5 27. Nc1
Qf5 28. a5 Qf3+ 29. Kg1 Nxf2 0-1

[Event "XVI. DBMM Schach"]
[Site "Dresden"]
[Date "2016.11.05"]
[Round "4.3"]
[White "Quast, Michael"]
[Black "Schroeder, Kai Uwe"]
[Result "1/2-1/2"]
[WhiteElo "1723"]
[BlackElo "1858"]
[Annotator "br"]
[PlyCount "38"]
[EventDate "2016.11.??"]
[SourceTitle "XVI. DBMM 2016"]
[Source "FV Schach e.V."]
[SourceDate "2017.06.14"]
[SourceVersion "1"]
[SourceVersionDate "2017.06.14"]
[SourceQuality "1"]
[WhiteTeam "BA Tempelhof Berlin II"]
[BlackTeam "Transit Hamburg II"]
[WhiteTeamCountry "GER"]
[BlackTeamCountry "GER"]

1. b3 e6 2. Bb2 Nf6 3. e3 d5 4. f4 c5 5. Bb5+ Nc6 6. Nf3 a6 7. Bxc6+ bxc6 8.
Ne5 Qc7 9. O-O Bb7 10. d3 Rd8 11. Nd2 Qb6 12. c4 a5 13. Rb1 d4 14. e4 Nd7 15.
Nxd7 Rxd7 16. e5 Be7 17. Qg4 g6 18. Ne4 h5 19. Qh3 Rd8 1/2-1/2

[Event "XVI. DBMM Schach"]
[Site "Dresden"]
[Date "2016.11.05"]
[Round "4.4"]
[White "Rulfs, Ernst August"]
[Black "Schneider, Eckehard"]
[Result "1-0"]
[WhiteElo "1598"]
[BlackElo "1811"]
[Annotator "br"]
[PlyCount "93"]
[EventDate "2016.11.??"]
[SourceTitle "XVI. DBMM 2016"]
[Source "FV Schach e.V."]
[SourceDate "2017.06.14"]
[SourceVersion "1"]
[SourceVersionDate "2017.06.14"]
[SourceQuality "1"]
[WhiteTeam "Transit Hamburg II"]
[BlackTeam "BA Tempelhof Berlin II"]
[WhiteTeamCountry "GER"]
[BlackTeamCountry "GER"]

1. c4 d6 2. Nc3 g6 3. g3 Bg7 4. Bg2 Nf6 5. e4 O-O 6. Nge2 e5 7. O-O Nc6 8. a3
Bg4 9. Qb3 Rb8 10. f3 Be6 11. Nd5 Na5 12. Qc3 c6 13. b4 Nxc4 14. Nxf6+ Bxf6 15.
d4 Qb6 16. Kh1 exd4 17. Qd3 Rfe8 18. f4 Ne3 19. Bxe3 dxe3 20. Rad1 Bg4 21. Bf3
Bh3 22. Bg2 Bxg2+ 23. Kxg2 Rbd8 24. Rf3 Bg7 25. Rxe3 Qc7 26. Qb3 Re7 27. Kf3
Red7 28. Red3 b6 29. R1d2 Qb7 30. Qd1 Bf8 31. Nc3 Qa6 32. a4 Qc4 33. b5 c5 34.
Nd5 Re7 35. Nxe7+ Bxe7 36. e5 f5 37. exf6 Bxf6 38. Rxd6 Rxd6 39. Rxd6 Bd4 40.
Rd8+ Kg7 41. Qe1 Qc3+ 42. Kg2 Qc2+ 43. Kh3 Qf5+ 44. g4 Qxf4 45. Qe7+ Kh6 46.
Qh4+ Kg7 47. Rd7+ 1-0

[Event "XVI. DBMM Schach"]
[Site "Dresden"]
[Date "2016.11.05"]
[Round "5.1"]
[White "Haasler, Andreas"]
[Black "Maiwald, Jens Uwe"]
[Result "0-1"]
[WhiteElo "2202"]
[BlackElo "2448"]
[Annotator "br"]
[PlyCount "76"]
[EventDate "2016.11.??"]
[SourceTitle "XVI. DBMM 2016"]
[Source "FV Schach e.V."]
[SourceDate "2017.06.14"]
[SourceVersion "1"]
[SourceVersionDate "2017.06.14"]
[SourceQuality "1"]
[WhiteTeam "Deutsche Bahn/BSW Frankfurt/M"]
[BlackTeam "UKA GmbH Meissen"]
[WhiteTeamCountry "GER"]
[BlackTeamCountry "GER"]

1. d4 g6 2. g3 Bg7 3. Bg2 c5 4. c3 Na6 5. Nf3 Nf6 6. O-O O-O 7. Nbd2 d6 8. a3
Qc7 9. b4 Bd7 10. e4 cxd4 11. cxd4 Rac8 12. Re1 Bb5 13. Bf1 Bxf1 14. Nxf1 d5
15. Bf4 Qd7 16. N1d2 Nxe4 17. Nxe4 dxe4 18. Rxe4 Nc7 19. Qd2 Nd5 20. Bh6 Qf5
21. Bxg7 Qxe4 22. Bxf8 Qxf3 23. Bh6 f6 24. h4 Rc3 25. Rc1 Kf7 26. Rxc3 Qxc3 27.
Qxc3 Nxc3 28. Be3 a6 29. Kf1 Ke6 30. Ke1 Kd5 31. Kd2 Nb1+ 32. Kd3 Nxa3 33. f3
Nb5 34. Bf2 Na7 35. Be3 Nc6 36. Kc3 f5 37. Bf2 b6 38. Be3 a5 0-1

[Event "XVI. DBMM Schach"]
[Site "Dresden"]
[Date "2016.11.05"]
[Round "5.2"]
[White "Urban, Konstantin"]
[Black "Haenisch, Uwe"]
[Result "1-0"]
[WhiteElo "2361"]
[BlackElo "2195"]
[Annotator "br"]
[PlyCount "151"]
[EventDate "2016.11.??"]
[SourceTitle "XVI. DBMM 2016"]
[Source "FV Schach e.V."]
[SourceDate "2017.06.14"]
[SourceVersion "1"]
[SourceVersionDate "2017.06.14"]
[SourceQuality "1"]
[WhiteTeam "UKA GmbH Meissen"]
[BlackTeam "Deutsche Bahn/BSW Frankfurt/M"]
[WhiteTeamCountry "GER"]
[BlackTeamCountry "GER"]

1. e4 Nf6 2. e5 Nd5 3. d4 d6 4. c4 Nb6 5. exd6 cxd6 6. Nc3 g6 7. Be3 Bg7 8. Rc1
O-O 9. Nf3 Bg4 10. h3 Bxf3 11. Qxf3 Nc6 12. Qd1 d5 13. c5 Nc4 14. Bxc4 dxc4 15.
d5 Nb4 16. O-O Nd3 17. Rc2 Rc8 18. Qg4 Nxc5 19. Qxc4 b6 20. Nb5 Qd7 21. Rfc1 a6
22. Nd4 b5 23. Qe2 Ne4 24. Nc6 Nd6 25. Bg5 Kh8 26. Qxe7 Rc7 27. Bf6 Re8 28.
Bxg7+ Kxg7 29. Qxd7 Rxd7 30. Rd1 Re4 31. b3 Re8 32. Kf1 Kf6 33. Rc3 Kg7 34.
Rcd3 Kf6 35. f3 Nf5 36. Kf2 Rc8 37. R1d2 Ne7 38. Nxe7 Kxe7 39. Kg3 Kd6 40. Kf4
h6 41. h4 Re7 42. Rd4 Re5 43. b4 Rf5+ 44. Kg3 Rc3 45. R4d3 Rc4 46. Ra3 Rxd5 47.
Rxa6+ Rc6 48. Rxc6+ Kxc6 49. Rc2+ Kd6 50. Rc3 Ke5 51. a3 Kd4 52. Rc7 Rf5 53.
Kf2 h5 54. Ke2 g5 55. hxg5 Rxg5 56. Kf2 f6 57. Rc6 Rf5 58. g3 Kd5 59. Rc5+ Ke6
60. Rxf5 Kxf5 61. Ke3 Ke5 62. Kd3 Kd5 63. Kc3 f5 64. f4 Ke4 65. a4 bxa4 66. b5
Kf3 67. b6 Kxg3 68. b7 h4 69. b8=Q h3 70. Qe5 h2 71. Qd5 Kxf4 72. Qg2 Ke3 73.
Qg3+ Ke4 74. Qxh2 Kf3 75. Qh3+ Ke4 76. Kb4 1-0

[Event "XVI. DBMM Schach"]
[Site "Dresden"]
[Date "2016.11.05"]
[Round "5.3"]
[White "Kopp, Jan"]
[Black "Loxine, Jakov"]
[Result "0-1"]
[WhiteElo "2042"]
[BlackElo "2409"]
[Annotator "br"]
[PlyCount "76"]
[EventDate "2016.11.??"]
[SourceTitle "XVI. DBMM 2016"]
[Source "FV Schach e.V."]
[SourceDate "2017.06.14"]
[SourceVersion "1"]
[SourceVersionDate "2017.06.14"]
[SourceQuality "1"]
[WhiteTeam "Deutsche Bahn/BSW Frankfurt/M"]
[BlackTeam "UKA GmbH Meissen"]
[WhiteTeamCountry "GER"]
[BlackTeamCountry "GER"]

1. d4 Nf6 2. c4 g6 3. Nc3 Bg7 4. e4 d6 5. f3 O-O 6. Be3 Nbd7 7. Nh3 a6 8. Nf2
e5 9. Qd2 c6 10. d5 cxd5 11. cxd5 Nh5 12. Nd3 f5 13. O-O-O Ndf6 14. Bg5 Bd7 15.
Kb1 a5 16. Nf2 Qe8 17. exf5 gxf5 18. g4 fxg4 19. fxg4 Nf4 20. Bxf4 exf4 21. Re1
Qd8 22. Be2 Qb6 23. Bf3 Rac8 24. Ka1 a4 25. a3 Rxc3 26. bxc3 Rc8 27. Re7 Qb3
28. Nd1 Qxa3+ 29. Kb1 Be8 30. Qb2 Bg6+ 31. Kc1 Qc5 32. Qxb7 Bh8 33. g5 Nd7 34.
Qxd7 Bxc3 35. Qe6+ Kh8 36. Be4 Bb4+ 37. Kb1 Qc1+ 38. Ka2 Qa3+ 0-1